|
|
|
|
| LEADER |
01232nam a2200253 a 4500 |
| 001 |
00357661 |
| 003 |
GR-PaULI |
| 008 |
130604s2007 xxk b 001 0 eng d |
| 020 |
|
|
|a 0470061294
|q (pbk. : alk. paper)
|
| 020 |
|
|
|a 9780470061299
|q (pbk. : alk. paper)
|
| 040 |
|
|
|a GrPaTEI
|b gre
|c GR-PaULI
|
| 044 |
|
|
|a gb
|
| 082 |
|
0 |
|a 658.8001
|2 22
|
| 100 |
1 |
|
|a Gronroos, Christian,
|d 1947-
|
| 245 |
1 |
0 |
|a In search of a new logic for marketing :
|b foundations of contemporary theory /
|c Christian Gronroos.
|
| 260 |
|
|
|a Chichester, England ;
|a Hoboken, NJ :
|b John Wiley & Sons Ltd.,
|c 2007.
|
| 300 |
|
|
|a xi, 223 σ. :
|b εικ. ;
|c 25 εκ.
|
| 504 |
|
|
|a Περιλαμβάνει βιβλιογραφικές αναφορές και ευρετήριο.
|
| 590 |
|
|
|a Χρησιδάνειο από: ΑΡΧΙΜΗΔΗΣ III - Ενίσχυση Ερευνητικών Ομάδων στο ΤΕΙ Σερρών, mis 380873, Υποέργο 5
|
| 650 |
|
7 |
|a Μάρκετινγκ
|2 nlgaf
|
| 942 |
|
|
|2 ddc
|
| 952 |
|
|
|0 0
|1 0
|2 ddc
|4 0
|6 658_800100000000000_GRO
|7 0
|9 250730
|a MSLG
|b MSLG
|c BSC
|d 2021-01-17
|e 24
|f 0
|g 0.00
|l 0
|o 658.8001 GRO
|p 99242000024765
|r 2021-01-17 00:00:00
|t 1
|w 2021-01-17
|y BK15
|x GrPaTEI
|
| 971 |
|
|
|a .b12598203
|b 11-04-20
|c 28-08-15
|
| 999 |
|
|
|c 148818
|d 148818
|